Tawards a renovated world monetary systems
Tallennettuna:
| Päätekijä: | |
|---|---|
| Aineistotyyppi: | Kirja |
| Kieli: | Undetermined |
| Julkaistu: |
Tokyo
The Trilateral Commission
1973
|
| Aiheet: | |
| Tagit: |
Lisää tagi
Ei tageja, Lisää ensimmäinen tagi!
|
| Thư viện lưu trữ: | Trung tâm Học liệu Trường Đại học Cần Thơ |
|---|
| LEADER | 00515nam a2200181Ia 4500 | ||
|---|---|---|---|
| 001 | CTU_96716 | ||
| 008 | 210402s9999 xx 000 0 und d | ||
| 082 | |a 332.46 | ||
| 082 | |b K13 | ||
| 100 | |a Kaji, Motoo | ||
| 245 | 0 | |a Tawards a renovated world monetary systems | |
| 245 | 0 | |c Motoo Kaji, Richard N. Cooper, Claudio Segre | |
| 260 | |a Tokyo | ||
| 260 | |b The Trilateral Commission | ||
| 260 | |c 1973 | ||
| 650 | |a Monetary policy | ||
| 904 | |i M.Loan | ||
| 980 | |a Trung tâm Học liệu Trường Đại học Cần Thơ | ||